000 01363nam a22003737a 4500
003 CHAP
005 20220329140715.0
008 971013s1992 r 00010 d
010 _a56333
011 _a57305
035 _a61459
040 _cCHAP
082 _a631.0915
_bA52
100 0 0 _aAlberda, Th.
_eed.
_93463
245 _aFood from dry lands
_b: an integrated approach to planning of agricultural development
260 _aDordrecht :
_bKluwer,
_c1992
300 _a211 p.
_b: ilus. ; gráfs.
490 _aSystem approaches for sustainable agricultural development
_v; 1
590 _aBATCH-UPD
_b10
_c20130110
_lUCH01
_h0451
590 _aBATCH-UPD
_b10
_c20130110
_lUCH01
_h2342
590 _aBATCH-UPD
_b10
_c20130410
_lUCH01
_h0129
590 _aBATCH-UPD
_b10
_c20130410
_lUCH01
_h1630
590 _aBATCH-UPD
_b10
_c20130913
_lUCH01
_h2347
590 _aCONVERSION
_b10
_c20130109
_lUCH01
_h1330
650 1 4 _aAgricultura
_xRegiones áridas.
_91781
650 1 4 _aGanado lanar
_xAlimentación.
_945153
650 1 4 _aPastos.
_985986
650 1 4 _aPolítica agrícola
_xRegiones áridas.
_990356
650 1 4 _aRegiones áridas.
_995669
830 0 _aSystem approaches for sustainable agricultural development
_v; 1
_9111161
901 _aBK
942 _cLIBRO
949 _a631.0915 A52
_bBC
_cLIBRO
_d33724000040572
_eLIBRO
_gI.180441
_h89851
_i61459
_si
_t959.00
999 _c56333
_d56333